Normal view
MARC view
Entry Personal Name
001 - CONTROL NUMBER
- control field: 1420007
003 - CONTROL NUMBER IDENTIFIER
- control field: NLI
005 - DATE AND TIME OF LATEST TRANSACTION
- control field: 20220719051747.0
008 - FIXED-LENGTH DATA ELEMENTS
- fixed length control field: 220719|| aca||aabn | a|a d
040 ## - CATALOGING SOURCE
- Original cataloging agency: NLI
- Transcribing agency: NLI
100 ## - HEADING--PERSONAL NAME
- Personal name: Puri, Manohar,
- Dates associated with a name: 1944-
670 ## - SOURCE DATA FOUND
- Source citation: Work cat.: (NLI)1543091: 880-01 Puri, Manohar, 1944-, Tourism management /, c2006
